000
00301nam a22001217a 4500
008
140218t xxu||||| |||| 00| 0 eng d
020
_a
0-7069-8852-3
100
_a
Lokesh Koul
_9
740
245
_a
Methodology of Educational Research
250
_a
third revised edition
300
_a
543
942
_2
ddc
_c
BK
999
_c
16997
_d
16997